| 000 | 00475nam a2200145 a 4500 | ||
|---|---|---|---|
| 001 | 000031955 | ||
| 005 | 20200930063317.0 | ||
| 008 | 110707s1993 dr 000 0 spa d | ||
| 040 |
_aDO-SdBNP _bspa _cBNPHU |
||
| 110 | 2 |
_aSecretaría de Estado de Deportes, Educación Física y Recreación _936895 |
|
| 245 | 1 | 0 |
_aCampaña fronteriza de ejercicios fisicos : _bandar y correr /. |
| 260 |
_a[Santo Domingo] : _bSEDEFIR, _c1993. |
||
| 300 |
_a7 p. : _bil. ; _c1993. |
||
| 049 | _aBNPD | ||
| 999 |
_c31446 _d31446 |
||